000 00961cad a22002295a 4500
001 E148342
008 090907s2009 xxkad f s 000 0 eng d
035 _a(Sirsi) u148342
041 _aeng
050 0 4 _a333.33 $2 18
110 2 _aColliers CRE
_95075
245 0 0 _aReal estate investment forecasts
_b2nd quarter 2009
_h[electronic resource]
260 _aLondon
_bColliers CRE
_c2009
490 0 _aReal Estate Investment Forecasts
_vSecond Quarter 2009
520 _aForecasts all property total returns of -14.0% in 2009, however expects returns of 6.8% in 2010. Suggests that void rates will rise, and that incentives will continue to increase and rents fall.
521 _aAdvanced
590 _aKA
651 4 _aUnited Kingdom
_y
690 _aPROPERTY-COMMERCIAL PROPERTY-COMMERCIAL PROPERTY MARKET
856 4 0 _uhttps://www.collierscre.com/marketReports/investment.aspx#
_zView the report free of charge at www.collierscre.com...
942 _n0
999 _c110011
_d110011